Instrumentos de análisis para evaluar sistemas previsionales (Registro nro. 31438)

Detalles MARC
000 -LEADER
fixed length control field 00345 a2200109 4500
001 - CONTROL NUMBER
control field ART_30637
005 - DATE AND TIME OF LATEST TRANSACTION
control field 20260410162003.0
008 - FIXED-LENGTH DATA ELEMENTS--GENERAL INFORMATION
fixed length control field 260409a
100 1# - MAIN ENTRY--PERSONAL NAME
Personal name Dieulefait, Enrique
245 10 - TITLE STATEMENT
Title Instrumentos de análisis para evaluar sistemas previsionales
773 0# - HOST ITEM ENTRY
Title Foro económico
Related parts - Año IV, Nº 7 (nov. 1998)
Record control number REV30369

No hay ítems disponibles.